000
00218 a2200097 4500
001
28325
100
_a
Hillierr, F S
245
_a
Introduction to Operation Research
260
_a
_b
Holdenday
_c
090
_c
18934
_d
18934
942
_a
NUST-CAE
_c
M
_c
9929
999
_c
263398
_d
263398